|
|
|
|
| LEADER |
00000nam a22000007a 4500 |
| 008 |
200512s1900 sp |||| o|||| 00| 0 spa d |
| 952 |
|
|
|0 0
|1 0
|4 0
|6 RECURSO_ELECTRONICO
|7 0
|8 BAS
|9 93834
|a BC
|b BC
|c General
|d 2020-05-12
|l 0
|o RECURSO ELECTRONICO
|r 2020-05-12 00:00:00
|w 2020-05-12
|y BK
|A 215
|B ANT
|C 1
|
| 999 |
|
|
|c 53445
|d 53445
|
| 040 |
|
|
|a UAHC
|c UAHC
|d UAHC
|
| 100 |
|
|
|9 11964
|a Graham, María,
|d 1785-1842
|
| 245 |
|
|
|a Diario de su residencia en Chile (1822) y de su viaje al Brasil (1823) :
|b San Martín, Cochrane, O'Higgins
|c María Graham ; prólogo de Juan Concha.
|
| 246 |
|
|
|a Diario de mi residencia en Chile 1822
|
| 260 |
|
|
|a Madrid :
|b Editorial América,
|c [19--].
|
| 300 |
|
|
|a 447 p.
|
| 500 |
|
|
|a Sitio visitado (http://www.memoriachilena.gob.cl/archivos2/pdfs/MC0000018.pdf) el 12 de mayo de 2020. Texto en formato de imagen, no apto para dispositivos o software lectores de pantalla.
|
| 651 |
|
0 |
|9 11965
|a Chile
|x Descripciones y viajes
|y 1822
|
| 651 |
|
0 |
|9 11966
|a Chile
|x Vida social y costumbres
|y 1822
|
| 856 |
|
|
|u http://www.memoriachilena.gob.cl/archivos2/pdfs/MC0000018.pdf
|y Acceso electrónico al documento
|
| 900 |
|
|
|a RECURSO ELECTRONICO
|
| 942 |
|
|
|c BK
|